[Event "RUS SFO-ch"]
[Site "Zheleznogorsk"]
[Date "2016.02.18"]
[Round "6"]
[White "Emeljashin, Yury"]
[Black "Gordievskiy, Vladimir V"]
[Result "0-1"]
[WhiteElo "1984"]
[BlackElo "1957"]
[PlyCount "85"]
[EventDate "2016.02.13"]
[EventType "swiss"]
[EventRounds "9"]
[EventCountry "RUS"]
[SourceTitle "CBM 171 Extra"]
[Source "ChessBase"]
[SourceDate "2016.04.26"]
[SourceVersion "1"]
[SourceVersionDate "2016.04.26"]
[SourceQuality "1"]

1. Nf3 d5 2. d4 Nf6 3. e3 c6 4. c4 e6 5. Bd3 Nbd7 6. 0-0 Bd6 7. Nc3 0-0 8. e4 dxc4 9. Bxc4 e5 10. Bg5 Qc7 11. Rc1 a6 12. Bb3 h6 13. Bxf6 Nxf6 14. dxe5 Bxe5 15. h3 Qe7 16. Nxe5 Qxe5 17. f4 Qe7 18. e5 Ne8 19. Qd3 g6 20. Qe3 h5 21. Bc2 Ng7 22. Ne4 Nf5 23. Qf2 Kg7 24. Rcd1 Be6 25. g4 hxg4 26. hxg4 Nh6 27. f5 gxf5 28. Nf6 Nxg4 29. Qf4 Rh8 30. Bxf5 Qc5+ 31. Rd4 Nxe5 32. Bxe6 Rad8 33. Qg5+ Kf8 34. Nh7+ Rxh7 35. Qxd8+ Kg7 36. Qf6+ Kg8 37. Qd8+ Kg7 38. Bxf7 Nxf7 39. Qd7 Kg8 40. Qg4+ Ng5 41. Rf2 Re7 42. Rdf4 Qd5 43. Kh2 0-1